| 000 | 00482nam a2200193Ia 4500 | ||
|---|---|---|---|
| 003 | OSt | ||
| 005 | 20250930121959.0 | ||
| 008 | 250729s2005 xx 000 0 und d | ||
| 020 | _a9788190006910 | ||
| 040 | _cAL | ||
| 041 | _aeng | ||
| 082 | _a370.78 SRIR | ||
| 100 |
_aSrivastava R P _9222865 |
||
| 245 | _aReading ability and school achivement | ||
| 260 |
_aNew Delhi _bCommonwealth Publishers _c2005 |
||
| 300 | _a167p | ||
| 650 |
_aEducation _9222866 |
||
| 942 |
_2ddc _cBED |
||
| 999 |
_c235644 _d235644 |
||